| 000 -LEADER |
| fixed length control field |
00527nam a22000977a 4500 |
| 008 - FIXED-LENGTH DATA ELEMENTS--GENERAL INFORMATION |
| fixed length control field |
180212b xxu||||| |||| 00| 0 eng d |
| 100 ## - MAIN ENTRY--AUTHOR'S NAME |
| Author's Name |
Cartier, Karen |
| 245 ## - TITLE STATEMENT |
| Title |
In the land of make believe : Fairy Tales, Folktales |
| Remainder of title |
fairy tales, folktales, legends, fables, children's stories and Disney depicted on postage stamps of the world |
| 260 ## - PUBLICATION, DISTRIBUTION, ETC. (IMPRINT) |
| Place of publication, distribution, etc. |
Albuquerque, NM |
| Name of publisher, distributor, etc. |
American Topical Association, |
| Date of publication, distribution, etc. |
2000 |
| 650 ## - TOPICAL TERM (Tag) |
| Topical term or geographic name |
Topical Collecting | Fairy Tales and Folk Tales | Folklore and Legends | Juvenile Literature | Disney | Cartoons and Comics |